Návrh a overenie metód neuroevolúcie
Gespeichert in:
| 1. Verfasser: | |
|---|---|
| Weitere Verfasser: | |
| Format: | Manuskript Buch |
| Sprache: | Slowakisch |
| Veröffentlicht: |
Bratislava :
STU v Bratislave FEI,
2021
|
| Schlagworte: | |
| Online-Zugang: | https://opac.crzp.sk/?fn=detailBiblioForm&sid=38F43C5054BC4F7F29BEC7F31F28&seo=CRZP-detail-kniha |
| Tags: |
Keine Tags, Fügen Sie das erste Tag hinzu!
|
MARC
| LEADER | 00000ntm a22000003a 4500 | ||
|---|---|---|---|
| 001 | stuzp82594 | ||
| 003 | SK-STU | ||
| 005 | 20211108142432.3 | ||
| 007 | ta | ||
| 008 | 150427s2015----xo-----f-mn---000-0-slo-d | ||
| 040 | |a STU |b slo | ||
| 041 | 0 | |a slo | |
| 044 | |a xo | ||
| 100 | 1 | |a Forintová, Jana |u 031000 |4 aut |U FEI Fakulta elektrotechniky a informatiky |T FEI Ústav robotiky a kybernetiky |X 98326 |U E011 |Y 356 |7 98326 | |
| 242 | 0 | 1 | |a Design and Verification of Neuroevolution Methods |y eng |
| 245 | 1 | 0 | |a Návrh a overenie metód neuroevolúcie |
| 260 | |a Bratislava : |b STU v Bratislave FEI, |c 2021 | ||
| 300 | |a 58 s., príl. | ||
| 650 | 4 | |a neuroevolúcia |2 slo | |
| 650 | 4 | |a neurónová sieť |2 slo | |
| 650 | 4 | |a genetický algoritmus |2 slo | |
| 650 | 4 | |a miera mutácie |2 slo | |
| 650 | 4 | |a rozptýlená mutácia |2 slo | |
| 650 | 4 | |a Matlab |2 slo | |
| 650 | 4 | |a neuroevolution |2 eng | |
| 650 | 4 | |a neural network |2 eng | |
| 650 | 4 | |a genetic algorithm |2 eng | |
| 650 | 4 | |a mutation rate |2 eng | |
| 650 | 4 | |a scattered mutation |2 eng | |
| 650 | 4 | |a Matlab |2 eng | |
| 700 | 1 | |a Sekaj, Ivan |u 031000 |k Z1 |4 ths |U FEI Fakulta elektrotechniky a informatiky |T FEI Ústav robotiky a kybernetiky |X 4946 |U E011 |Y 356 |7 A000004946 | |
| 856 | 4 | |u https://opac.crzp.sk/?fn=detailBiblioForm&sid=38F43C5054BC4F7F29BEC7F31F28&seo=CRZP-detail-kniha | |